Handbuch der autogenen Schweifsung /

Gespeichert in:
Bibliographische Detailangaben
1. Verfasser: Kautny, Theo (Verfasst von)
Format: Buch
Sprache:Deutsch
Veröffentlicht: Düsseldorf : DVS, 1987
Schlagworte:
Tags: Tag hinzufügen
Keine Tags, Fügen Sie das erste Tag hinzu!

MARC

LEADER 00000nam a22000003a 4500
001 stu44533
005 20150617225718.2
008 950424s1987----gw------------------ger-d
040 |a STU  |b slo 
041 0 |a ger 
044 |a gw 
080 |a 621.791.5 
100 1 |a Kautny, Theo  |4 aut 
245 1 |a Handbuch der autogenen Schweifsung /  |c [aut.]Theo Kautny 
260 |a Düsseldorf :  |b DVS,  |c 1987 
300 |a 250 s 
650 7 |a Zváranie autogénne  |2 stusub 
996 |b 284M025757  |c M*9115-1  |l MMKN  |s A  |a 24  |w stu44533_0001